| 000 | 00471nam a22001697a 4500 | ||
|---|---|---|---|
| 003 | NUST - PNEC | ||
| 005 | 20170116180800.0 | ||
| 008 | 150413b xxu||||| |||| 00| 0 eng d | ||
| 040 | _cLIBRARY | ||
| 082 | _a297.22 ABD | ||
| 100 |
_92408 _aAbdul Wahab Shah Bukhari |
||
| 245 |
_aAhadees e Qudsia (Allah ki batain) _cAbdul Wahab Shah Bukhari |
||
| 260 |
_aBahawalpur: _bDarul Mutalia, |
||
| 300 |
_a224 p. : _c22 cm. |
||
| 650 |
_92410 _aIslam, Hadees |
||
| 942 |
_2ddc _cBK |
||
| 999 |
_c62903 _d62903 |
||